Music Quiz

Random Music Quiz
Score 0/298 Timer 10:00
0 Plays Today
% Correct
a
98.4%
*Chorus*
98.4%
a
98.4%
a
98.4%
a
98.4%
the
97.6%
I
97.6%
I
97.6%
I
97.6%
the
97.6%
the
97.6%
I
97.6%
I
97.6%
the
97.6%
the
97.6%
the
97.6%
the
97.6%
the
97.6%
the
97.6%
the
97.6%
the
97.6%
the
97.6%
(I
97.6%
the
97.6%
the
97.6%
you
97.1%
You
97.1%
you
97.1%
you
97.1%
You
97.1%
you
97.1%
You
97.1%
you...
97.1%
You
97.1%
you
97.1%
you
97.1%
you
97.1%
you
97.1%
you
97.1%
you
97.1%
on,
95.5%
on,
95.5%
and
95.5%
on
95.5%
and
95.5%
and
95.5%
And
95.5%
on
95.5%
and
95.5%
on
95.5%
and
95.5%
on
95.5%
and
95.5%
on
95.5%
on
95.5%
and
95.5%
on
95.5%
and
95.5%
and
95.5%
go
94.3%
that
94.3%
that
94.3%
go!
94.3%
that
94.3%
that
94.3%
know.
93.5%
know
93.5%
know
93.5%
know
93.5%
know)
93.5%
to
92.2%
to
92.2%
to
92.2%
to
92.2%
to
92.2%
it,
91.8%
it
91.8%
it
91.8%
it,
91.8%
it
91.8%
it
91.8%
just
91.4%
think
91.4%
just
91.4%
just
91.4%
think
91.4%
Come
91%
come
91%
should
91%
come
91%
of.
91%
of
91%
come
91%
of
91%
of
91%
of
91%
of
91%
of
91%
let's
90.6%
let's
90.6%
% Correct
Let's
90.6%
things
90.2%
things
90.2%
things
90.2%
few
89.8%
what
89.8%
What
89.8%
what
89.8%
your
89.8%
your
89.8%
your
89.8%
your
89.8%
your
89.8%
your
89.8%
your
89.8%
are
89%
words
88.6%
words
88.6%
words
88.6%
not
88.2%
not
88.2%
not
88.2%
you're
87.3%
you're
87.3%
You're
87.3%
(You're
87.3%
you're
87.3%
Get
86.9%
get
86.9%
were
86.9%
teenage
86.9%
were
86.9%
all
86.1%
made
86.1%
all
86.1%
up,
85.7%
up
85.7%
that's
85.7%
dreams
85.7%
that's
85.7%
There's
85.3%
don't,
85.3%
don't
85.3%
Don't
85.3%
Don't
85.3%
girl
84.9%
at
84.5%
quiet
84.5%
worse
84.1%
is
84.1%
is
84.1%
is
84.1%
worse
84.1%
worse!
84.1%
than
83.7%
girls
83.7%
need
83.7%
This
83.7%
this
83.7%
This
83.7%
This
83.7%
this
83.7%
Those
83.3%
make
83.3%
kissable
83.3%
make
83.3%
me
83.3%
me
83.3%
make
83.3%
me
83.3%
me
83.3%
make
83.3%
make
83.3%
have
82.9%
have
82.9%
now.
82.4%
want
82.4%
got
82.4%
got
82.4%
got
82.4%
best
82%
poetry.
81.6%
my
81.6%
my
81.6%
my
81.6%
my
81.6%
sense
80.8%
or
80.8%
or
80.8%
Stop
80%
Stop
80%
making
79.6%
gun
79.2%
gun
79.2%
stylish,
78.8%
can't
78.4%
can't
78.4%
mosh
78.4%
pit
78%
barrel
78%
% Correct
barrel
78%
mic
77.6%
with
77.6%
tip
77.6%
again
77.6%
with
77.6%
again
77.6%
with
77.6%
tip
77.6%
again
77.6%
tongue
77.1%
ever
77.1%
ever
77.1%
tongue
77.1%
down
76.7%
down
76.7%
too
75.5%
will
75.1%
eye
75.1%
eye
75.1%
take
74.7%
in
74.7%
way
74.7%
sleeve
74.7%
way
74.7%
wrong?
74.3%
heart
74.3%
many
73.9%
they're
73.9%
well
73.9%
Well
73.9%
help
72.2%
admit
71.8%
wanted
71.4%
trying
71.4%
arm
71.4%
scope
71%
scope
71%
laughing...
70.6%
it's
70.6%
Remind
70.6%
Remind
70.6%
so
70.2%
Cause
70.2%
hard
70.2%
cause
70.2%
cause
70.2%
act
69.8%
act
69.8%
Literate
69%
pronouns.
68.6%
them
68.6%
say
67.3%
sure
66.9%
ideas,
66.5%
seen
66.5%
only
66.5%
only
66.5%
end
65.7%
Fragment
64.5%
same
64.1%
always
63.7%
you'll
63.7%
you'll
63.7%
hold
62.9%
hold
62.9%
Was
62.4%
through
60.8%
breath
60.4%
breath
60.4%
See
59.2%
constructed?
58%
never
56.7%
carefully
56.3%
his
49.8%
demise
49.8%
something
48.2%
I'll
47.8%
time
40%
you've
38.4%
you've
38.4%
wasting?
35.5%
had
35.1%
had
35.1%
how
33.9%
chance
31%
chance
31%
still
30.6%
separatin'
28.6%
gone)
28.6%
folded
27.3%
folded
27.3%
much
24.9%
coward
22%
weight
19.6%
weight
19.6%
Rest
18.4%
Rest
18.4%
Remove Ads.
Support Sporcle.
Get the best of Sporcle when you Go Orange. This ad-free experience offers more features, more stats, and more fun while also helping to support Sporcle. Thank you for becoming a member.

You're not logged in!

Compare scores with friends on all Sporcle quizzes.
OR
Log In

Show Comments

Extras

Top Quizzes Today


Score Distribution

Your Account Isn't Verified!

In order to create a playlist on Sporcle, you need to verify the email address you used during registration. Go to your Sporcle Settings to finish the process.

Report this User

Report this user for behavior that violates our Community Guidelines.

Details: